000 00394cam a2200169ua 4500
020 _c0.75
041 _amal
_h
082 _a894.8121
_bPAN/AM
100 _aPanikkar, K M .
245 _aAmbapali /
_cK M Panikkar.
_hTextual Documents
260 _a :
_bKerala Puthra Publicaiton ,
_c1956.
300 _a30 ; .
365 _a0.75
504 _a
942 _cBK
999 _c5090
_d5090